Analýza vybraných vývojových tendencií trhu internetových médií v Slovenskej republike
Analýza vývojových tendencií trhu vybraných internetových médií v Slovenskej republike za kontinuálne sledované obdobie v rokoch 2008-2017. Analýza vývoja veľkosti mediálneho publika vybraných internetových médií v Slovenskej republike v rokoch 2008-2017 na základe údajov o návštevnosti internetový...
Na minha lista:
| Autor principal: | |
|---|---|
| Outros Autores: | |
| Formato: | Capítulo de Livro |
| Idioma: | eslovaco |
| Assuntos: | |
| Tags: |
Sem tags, seja o primeiro a adicionar uma tag!
|
MARC
| LEADER | 00000naa a2200000 4500 | ||
|---|---|---|---|
| 001 | 0272189 | ||
| 005 | 20240522073314.4 | ||
| 041 | 0 | |a slo | |
| 044 | |a SK | ||
| 245 | 1 | 0 | |a Analýza vybraných vývojových tendencií trhu internetových médií v Slovenskej republike |c Marcel Lincényi, Michal Fabuš |
| 520 | |a Analýza vývojových tendencií trhu vybraných internetových médií v Slovenskej republike za kontinuálne sledované obdobie v rokoch 2008-2017. Analýza vývoja veľkosti mediálneho publika vybraných internetových médií v Slovenskej republike v rokoch 2008-2017 na základe údajov o návštevnosti internetových médií. | ||
| 610 | 2 | 0 | |a médiá |
| 610 | 2 | 0 | |a rozhlas |
| 610 | 2 | 0 | |a reklama |
| 610 | 2 | 0 | |a trh |
| 100 | 1 | |a Lincényi, Marcel | |
| 700 | 1 | |a Fabuš, Michal | |